Štátnik a národohospodár Milan Hodža 1878 - 1944

Salvato in:
Dettagli Bibliografici
Autore principale: Cambel, Samuel
Natura: Libro
Lingua:slovacco
Pubblicazione: Bratislava VEDA, vydavateľstvo SAV 2001
Edizione:1. vydanie
Soggetti:
Tags: Aggiungi Tag
Nessun Tag, puoi essere il primo ad aggiungerne!!

MARC

LEADER 00000nam a2200000 4500
001 c133009
005 20240229081726.2
020 |a 80-224-0669-4 
041 0 |a slo 
044 |a SK 
245 1 0 |a Štátnik a národohospodár Milan Hodža  |b 1878 - 1944  |c Samuel Cambel 
250 |a 1. vydanie 
264 1 |a Bratislava  |b VEDA, vydavateľstvo SAV  |c 2001 
300 |a 233 s. 
610 2 0 |a politika 
610 2 0 |a dejiny 
610 2 0 |a osobnosť 
610 2 0 |a prezidenti 
610 2 0 |a vláda 
610 2 0 |a ministerstvá 
610 2 0 |a hospodárstvo národné 
610 2 0 |a Slovensko 
610 2 0 |a Československo 
610 2 0 |a Hodža, M. 
610 2 0 |a 1878-1944 
100 1 |a Cambel, Samuel